المعجم المفهرس لأيات القرآن الكريم و موقعها في إثني عشر تفسيرا مشهورا / (رقم التسجيلة. 30320)
[ عرض عادي ]
| 000 -LEADER | |
|---|---|
| fixed length control field | 00737nam a22002057a 4500 |
| 005 - DATE AND TIME OF LATEST TRANSACTION | |
| control field | 20251108165535.0 |
| 008 - FIXED-LENGTH DATA ELEMENTS--GENERAL INFORMATION | |
| fixed length control field | 250721s1997 xx 000 0 ara d |
| 082 14 - DEWEY DECIMAL CLASSIFICATION NUMBER | |
| Classification number | م/211.1803/عكا |
| 100 1# - MAIN ENTRY--PERSONAL NAME | |
| Personal name | الطيبي، عكاشه عبد المنان |
| 245 10 - TITLE STATEMENT | |
| Title | المعجم المفهرس لأيات القرآن الكريم و موقعها في إثني عشر تفسيرا مشهورا / |
| 264 1# - PRODUCTION, PUBLICATION, DISTRIBUTION, MANUFACTURE, AND COPYRIGHT NOTICE | |
| Place of production, publication, distribution, manufacture | دبي : |
| Name of producer, publisher, distributor, manufacturer | دار الفضيلة للنشر و التوزيع، |
| Date of production, publication, distribution, manufacture, or copyright notice | 1997. |
| 300 ## - PHYSICAL DESCRIPTION | |
| Extent | 543ص |
| 650 17 - SUBJECT ADDED ENTRY--TOPICAL TERM | |
| Topical term or geographic name as entry element | القرآن الكريم |
| 650 17 - SUBJECT ADDED ENTRY--TOPICAL TERM | |
| Topical term or geographic name as entry element | سور القرآن |
| 650 17 - SUBJECT ADDED ENTRY--TOPICAL TERM | |
| Topical term or geographic name as entry element | القواميس |
| 650 17 - SUBJECT ADDED ENTRY--TOPICAL TERM | |
| Topical term or geographic name as entry element | الفاظ القرآن |
| 700 1# - ADDED ENTRY--PERSONAL NAME | |
| Personal name | الوحش، محمد |
| Relator term | اشراف |
| 942 ## - ADDED ENTRY ELEMENTS (KOHA) | |
| Source of classification or shelving scheme | Dewey Decimal Classification |
| Koha item type | مراجع |
| حالة السحب | حالة الفقدان | مصدر التصنيف | حالة التلف | غير قابل للإعارة | المكتبة الرئيسية | المكتبة الحالية | موقع الرف | تاريخ التزويد | الرقم المتسلسل | Total Checkouts | رقم الإستدعاء | الباركود | تاريخ آخر ظهور | تاريخ الفاتورة | نوع المادة (كوها) |
|---|---|---|---|---|---|---|---|---|---|---|---|---|---|---|---|
| Dewey Decimal Classification | Not For Loan | المكتبة المركزية | المكتبة المركزية | مراجع | 06/07/2004 | 263395 | م/211.1803/عكا | 263395 | 28/07/2025 | 06/07/2004 | مراجع | ||||
| Dewey Decimal Classification | المكتبة المركزية | المكتبة المركزية | مقتنيات قسم التزويد | 28/07/2025 | 1515160 | م/211.1803/عكا | 28/07/2025 | 28/07/2025 | مراجع | ||||||
| Dewey Decimal Classification | المكتبة المركزية | المكتبة المركزية | مقتنيات قسم التزويد | 28/07/2025 | 1759965 | م/211.1803/عكا | 28/07/2025 | 28/07/2025 | مراجع | ||||||
| Dewey Decimal Classification | Not For Loan | مكتبة البراعم الواعدة | مكتبة البراعم الواعدة | مراجع | 23/06/2018 | 1653616 | م/211.1803/عكا | PLD00422270 | 28/07/2025 | 23/06/2018 | مراجع | ||||
| Dewey Decimal Classification | مكتبة وادي السير العامة | مكتبة وادي السير العامة | الإعارة | 27/06/1980 | 002222... | م/211.1803/عكا | PLD00371615 | 28/07/2025 | 27/06/1980 | مراجع |